00671nam a2200181 a 450000100100000000500170001000800410002704000250006808200140009310000280010724000400013524500970017526000330027230000270030570000280033295201120036099900170047200004145820201002034916.0131007s1971 sp a 000 0 spa d aDO-SdBNPbspacBNPHU axxxxbxxx1 aMenzel, Roderich96812910aSportregelngdie jeder kenen sollte10aReglas deportivas :bque todos debieran conocer. /cRoderich Menzel; traducción, J. Arnal. aValencia :bVilamala,c1971. a48 p. :bil. ;c19 cm.1 aArnal, J.etrad.968130 001050718MOaGRbGRcCTd2013-10-07iLF1l0oxxxx xxxp41458-10r2020-06-25w2020-06-25y1ZNo se presta c40948d40948